| 000 | 01039nam a22003137a 4500 | ||
|---|---|---|---|
| 001 | 693 | ||
| 005 | 20241017095304.0 | ||
| 020 | _a9780545626224 | ||
| 040 |
_aDLC _cDLC _dDLC _beng |
||
| 050 | 0 | 0 |
_aPZ7.P3117 _bRe 2012 |
| 082 | 0 | 0 |
_a[Fic] _223 |
| 100 | 1 | _aPeacock, Carol Antoinette. | |
| 245 | 1 | 0 |
_aRed thread sisters / _cCarol Antoinette Peacock. |
| 250 | _aFirst Scholastic printing, September 2013 | ||
| 260 |
_aNew York : _bScholastic. _c2013. |
||
| 300 |
_a236 pages ; _c20 cm. |
||
| 505 | _aM | ||
| 520 | _aAfter an American family adopts eleven-year-old Wen from a Chinese orphanage, she vows to find a family for her best friend, too. | ||
| 521 |
_a700
_bLexile |
||
| 521 |
_aM
_bRaz-Plus |
||
| 650 | 1 |
_aInterracial adoption _vFiction. |
|
| 650 | 1 |
_aIntercountry adoption _vFiction. |
|
| 650 | 1 |
_aAdoption _vFiction. |
|
| 650 | 1 |
_aChinese Americans _vFiction. |
|
| 650 | 1 |
_aFamily life _vFiction. |
|
| 650 | 1 |
_aFriendship _vFiction. |
|
| 906 |
_a7 _bcbc _corignew _d1 _eecip _f20 _gy-gencatlg |
||
| 942 |
_2ddc _cBK _n0 |
||
| 999 |
_c693 _d693 |
||